Generációs különbségek a ruházati márkaválasztásban

Bibliográfiai részletek
Szerző: Ilyés Kamilla Lili
További közreműködők: Sólyomfi Dr. Andrea Hanna
Dokumentumtípus: Diplomadolgozat
Kulcsszavak:divat
márka
márkahűség
Y generáció
Z generáció
Online Access:http://dolgozattar.uni-bge.hu/60107

MARC

LEADER 00000nta a2200000 i 4500
001 dolg60107
005 20260409150011.0
008 260409suuuu hu om 000 hun d
040 |a BGE Dolgozattár Repozitórium  |b hun 
041 |a hu 
100 1 |a Ilyés Kamilla Lili 
245 1 0 |a Generációs különbségek a ruházati márkaválasztásban  |c Ilyés Kamilla Lili  |h [elektronikus dokumentum] 
520 3 |a A szakdolgozat célja a generációs különbségek feltárása a ruházati márkaválasztás terén, különös tekintettel a fiatalabb és idősebb generációk eltérő preferenciáira. A kutatás kiterjedt többek között a márkahűség szerepére, a közösségi média hatására, az etikus gyártás és fenntarthatóság fontosságára, valamint egyéb olyan szempontokra is, amelyek befolyásolhatják a fogyasztók ruházati márkákhoz való viszonyát. Az eredmények rávilágítanak az idősebb és a fiatalabb generációk közötti eltérésekre, valamint arra, hogy milyen tényezők játszanak kulcsszerepet a különböző korosztályok döntéshozatalában. 
695 |a divat 
695 |a márka 
695 |a márkahűség 
695 |a Y generáció 
695 |a Z generáció 
700 1 |a Sólyomfi Dr. Andrea Hanna  |e ths 
856 4 0 |u http://dolgozattar.uni-bge.hu/60107/1/Genera%CC%81cio%CC%81s%20ku%CC%88lo%CC%88nbse%CC%81gek%20a%20ruha%CC%81zati%20ma%CC%81rkava%CC%81laszta%CC%81sban_Ilye%CC%81s%20Kamilla-2.pdf  |z Dokumentum-elérés 
856 4 0 |u http://dolgozattar.uni-bge.hu/60107/2/Illy%C3%A9s%20Kamilla%20Lili.pdf  |z Dokumentum-elérés 
856 4 0 |u http://dolgozattar.uni-bge.hu/60107/3/Ily%C3%A9s%20Kamilla%20Lili.pdf  |z Dokumentum-elérés